William Goldman Filmography - Statistics

General Stats
  • This quiz has been taken 2 times
  • The average score is 6 of 42
Answer Stats
Year Movie % Correct
1969 Butch Cassidy and the Sundance Kid
100%
1976 Marathon Man
100%
1987 The Princess Bride
100%
1976 All the President's Men
50%
1997 Good Will Hunting
50%
1990 Misery
50%
1996 The Ghost and the Darkness
50%
1975 The Great Waldo Pepper
50%
1992 Year of the Comet
50%
1977 A Bridge Too Far
0%
1997 Absolute Power
0%
1992 A Few Good Men
0%
1979 Butch and Sundance: The Early Days
0%
1992 Chaplin
0%
1995 Dolores Clairborne
0%
2003 Dreamcatcher
0%
1997 Fierce Creatures
0%
1966 Harper
0%
2001 Hearts in Atlantis
0%
1986 Heat
0%
1993 Indecent Proposal
0%
1993 Last Action Hero
0%
1978 Magic
0%
1993 Malice
0%
1965 Masquerade
0%
1994 Maverick
0%
1992 Memoirs of an Invisible Man
0%
2000 Mission: Impossible II
0%
1968 No Way to Treat a Lady
0%
1973 Papillon
0%
2007 Shooter
0%
1963 Solder in the Rain
0%
1996 The Chamber
0%
1999 The General's Daughter
0%
1972 The Hot Rock
0%
1983 The Right Stuff
0%
1975 The Stepford Wives
0%
2004 The Stepford Wives
0%
1989 The War of the Roses
0%
1988 Twins
0%
2000 Under Suspicion
0%
2015 Wild Card
0%
No matching quizzes found
Score Distribution
Percent of People with Each Score
Percentile by Number Answered
Your Score History
You have not taken this quiz